Spící spravedlnost /
V pokračování trilogie sledujeme další osudy čtyř sourozenců, kteří se snaží odhalit, co stojí za záhadným spánkem, který postihl v minulé knize všechny rodiče.
Uloženo v:
| Série: | Spící město,
část 2 |
|---|---|
| Hlavní autor: | |
| Další autoři: | |
| Médium: | E-kniha |
| Jazyk: | Czech |
| Vydáno: |
Praha :
Euromedia Group,
2022
|
| Vydání: | Vydání třetí, v Euromedii první |
| Edice: | Pikola (Euromedia)
|
| Témata: | |
| Příbuzné jednotky: | Z cyklu::
Spící město |
| Tagy: |
Žádné tagy |
| LEADER | 02756nam a2200493 i 4500 | ||
|---|---|---|---|
| 001 | 311509 | ||
| 003 | CZ PrSKC | ||
| 005 | 20260601215706.0 | ||
| 007 | ta | ||
| 008 | 220304s2022 xr a c 000 f cze | ||
| 015 | |a cnb003349651 | ||
| 020 | |a 9788024273822 |q (vázáno) | ||
| 035 | |a (OCoLC)1344360107 | ||
| 040 | |a ABG001 |b cze |e rda | ||
| 072 | 7 | |a 821.162.3-3 |x Česká próza |2 Konspekt | |
| 072 | 7 | |a 821-93 |x Literatura pro děti a mládež (beletrie) |2 Konspekt | |
| 080 | |a 821.162.3-31 |2 MRF | ||
| 080 | |a 821-93 |2 MRF | ||
| 080 | |a (0:82-311.3) |2 MRF | ||
| 100 | 1 | |a Vopěnka, Martin, |d 1963- |7 jn99240001382 |4 aut | |
| 245 | 1 | 0 | |a Spící spravedlnost / |c Martin Vopěnka ; ilustroval Nikkarin |
| 250 | |a Vydání třetí, v Euromedii první | ||
| 264 | 1 | |a Praha : |b Euromedia Group, |c 2022 | |
| 300 | |a 302 stran : |b ilustrace ; |c 22 cm | ||
| 336 | |a text |b txt |2 rdacontent | ||
| 337 | |a bez média |b n |2 rdamedia | ||
| 338 | |a svazek |b nc |2 rdacarrier | ||
| 490 | 1 | |a Pikola | |
| 520 | 2 | |a V pokračování trilogie sledujeme další osudy čtyř sourozenců, kteří se snaží odhalit, co stojí za záhadným spánkem, který postihl v minulé knize všechny rodiče. |b Téměř všichni rodiče se už probudili. Také rodiče sourozenců Kryštofa, Kristýny, Emy a Samuela už nespí. Vše se ale jen pomalu vrací do starých kolejí. Nefunguje ekonomika, vázne zásobování, neučí se ve školách. Dětem ale nejvíc vadí, že dospělí mají malou chuť pátrat po zločincích a únoscích dětí z doby, kdy sami spali. Navíc mají pocit, že jim dospělí, kteří předchozí dobu nezažili, vůbec nerozumějí. Děti se rozhodnou založit dětský parlament, aby je rodiče museli začít brát vážně. Zároveň se snaží zjistit, proč vlastně všichni rodiče usnuli a zdali nehrozí, že se záhadné usnutí bude opakovat. | |
| 521 | 8 | |a Pro děti od 10 let | |
| 655 | 7 | |a české romány |7 fd133974 |2 czenas | |
| 655 | 7 | |a dobrodružné romány |7 fd132061 |2 czenas | |
| 655 | 7 | |a publikace pro děti |7 fd133156 |2 czenas | |
| 655 | 9 | |a Czech fiction |2 eczenas | |
| 655 | 9 | |a adventure novels |2 eczenas | |
| 655 | 9 | |a children's literature |2 eczenas | |
| 700 | 0 | |a Nikkarin, |d 1987- |7 mzk2009517777 |4 ill | |
| 787 | 0 | 8 | |i Z cyklu: |t Spící město |g 2 |
| 830 | 0 | |a Pikola (Euromedia) | |
| 900 | |a ABA001 |b 20 | ||
| 044 | |a xr | ||
| 910 | |a RBIT002 | ||
| 998 | |d 347025 |a https://core.palmknihy.cz/api/books/347025/cover?snvjyk |b https://core.palmknihy.cz/api/books/347025/cover/400?snvjyk |c https://core.palmknihy.cz/api/books/347025/cover/50?snvjyk |e 2028-03-25 |g 304 |i 9788024273822 |j https://core.palmknihy.cz/api/books/347025/preview.epub |l |q 49 |r 1 |s https://www.palmknihy.cz/kniha/347025 |t ebook |y 2022 |z 0 |v Spící město |w 2 | ||
| 999 | |d 311507 | ||